Sedimentologický a peleontologický výskum Pružinskej Dúpnej jaskyne

Bibliographic Details
Main Authors: Gregor, Miloš, 1980- (Author), Čerňanský, Andrej, 1984- (Author)
Format: Article
Language:Slovak
PhysicalDescription:Fotogr., obr.
ISBN:808892443X
ISSN:0560-3137
Subjects:

MARC

LEADER 00000nab a2200000 ar4500
001 vtls008639287
003 SK-MaSNL
005 20260426084005.0
008 250505c2005 xo |r|p|||||||000 b|slo
015 |a SNBRA2006/03  |2 snkbucl 
035 |a (uuid)10b7f28e-0535-4469-9bd0-75dab34fbe55 
035 |a urn:nbn:sk:snk-abaeht 
035 |a (urnnbn)urn:nbn:sk:snk:ar-008kik 
038 |a SNKBUCL 
040 |a SNKBUCL  |b slo  |c SNKBUCL  |e AACR2 
041 0 |a slo  |b eng 
044 |a xo  |c SK 
080 |a 550.56:551.435.54  |x (437.6)  |2 2001 
080 |a 572.781  |x (437.6)  |2 2001 
080 |a 552.5  |2 2001 
080 |a 551.435.54  |x (437.6)  |2 2001 
100 1 |a Gregor, Miloš,  |d 1980-  |4 aut  |9 157965 
245 1 0 |a Sedimentologický a peleontologický výskum Pružinskej Dúpnej jaskyne  |c Miloš Gregor, Andrej Čerňanský 
300 |a Fotogr., obr. 
504 |a Bibliogr. odkazy 
546 |a Res. angl. 
650 0 7 |a jaskyne  |2 snkbucl  |9 20772 
650 0 7 |a krasové útvary  |2 snkbucl  |9 67575 
650 0 7 |a sedimentológia  |2 snkbucl  |9 31256 
650 0 7 |a paleontológia  |2 snkbucl  |9 50721 
650 0 7 |a kostrové nálezy  |2 snkbucl  |9 1098026 
651 7 |a Pružinská Dúpna jaskyňa (Slovensko)  |2 snkbucl  |9 84825 
700 1 |a Čerňanský, Andrej,  |d 1984-  |4 aut  |9 194661 
773 0 |t Slovenský kras XLIII  |d Liptovský Mikuláš : Slovenské múzeum ochrany prírody a jaskyniarstva, 2005  |g S. 167-186  |x 0560-3137  |z 808892443X 
850 |a Slovenská národná knižnica 
852 |a Slovenská národná knižnica 
954 |a odborná, vedecká literatúra pôvodná (slovenská)  |2 lita 
958 |a article14 
958 |a OND 
958 |a NB 
958 |a EUIPO 
999 |c 2918113  |d 2920043